Las catacumbas de Paris ó La venganza de un reo condenado a muerte / (Record no. 152026)

MARC details
000 -LEADER
campo de control de longitud fija 00687nam a22001815i 4500
001 - NÚMERO DE CONTROL
campo de control 152026
003 - IDENTIFICADOR DE NÚMERO DE CONTROL
campo de control ES-MaACL
005 - FECHA Y HORA DE LA ÚLTIMA TRANSACCIÓN
campo de control 20230906204511.0
008 - DATOS DE LONGITUD FIJA--INFORMACIÓN GENERAL
campo de control de longitud fija 990621s1858 sp a |||| | spa d
040 ## - FUENTE DE CATALOGACIÓN
Centro catalogador/agencia de origen AN
Lengua de catalogación spa
Centro/agencia transcriptor AN
100 0# - ENTRADA PRINCIPAL--NOMBRE DE PERSONA
Nombre de persona Berthet, Elie.
9 (RLIN) 28448
245 14 - MENCIÓN DEL TÍTULO
Título Las catacumbas de Paris ó La venganza de un reo condenado a muerte /
Mención de responsabilidad, etc. novela historica escrita en francés por Elias Berthet ; traduccion española por A. M.
260 ## - PUBLICACIÓN, DISTRIBUCIÓN, ETC.
Lugar de publicación, distribución, etc. Madrid :
Nombre del editor, distribuidor, etc. [s.n],
Fecha de publicación, distribución, etc. 1858 (
Fabricante Imprenta de Manini Hermanos)
300 ## - DESCRIPCIÓN FÍSICA
Extensión 956 p., [40] h. de lám. ;
Dimensiones 27 cm.
740 3# - ENTRADA AGREGADA--TÍTULO RELACIONADO/ANALÍTICO NO CONTROLADO
Título relacionado o analítico no controlado La venganza de un reo condenado a muerte.
852 ## - LOCALIZACIÓN
Ubicación ES-MaACL
Número de control de estantería C-1925
Nota libre -- Enc. hol. grabada
Holdings
Estatus retirado Estado de pérdida Estado de daño No para préstamo Colección Biblioteca de origen Biblioteca actual Ubicación en estantería Fecha de adquisición Fuente de adquisición Total de préstamos Signatura topográfica completa Código de barras Visto por última vez Precio de reemplazo Tipo de ítem Koha
        Libros del s. XIX Biblioteca del Ateneo de Madrid Biblioteca del Ateneo de Madrid Sala Palomar 17/01/2008     C-1925 1158686 23/02/2023 23/02/2023 Libro impreso antiguo